LIBRARY & INFORMATION CENTRE, KCAET, TAVANUR

ONLINE PUBLIC ACCESS CATALOGUE (OPAC)

Principles of Agribusiness Management (Record no. 14522)

MARC details
000 -LEADER
fixed length control field 00406nam a22001577a 4500
020 ## - INTERNATIONAL STANDARD BOOK NUMBER
ISBN 9781478605669
082 ## - DEWEY DECIMAL CLASSIFICATION NUMBER
Classification number 658
Item number BEI/PR
100 ## - MAIN ENTRY--AUTHOR NAME
Personal name Beierlein,James G.
100 ## - MAIN ENTRY--AUTHOR NAME
Personal name Schneeberger,Kenneth C.
100 ## - MAIN ENTRY--AUTHOR NAME
Personal name Osburn, Donald D.
245 ## - TITLE STATEMENT
Title Principles of Agribusiness Management
250 ## - EDITION STATEMENT
Edition statement 5 th
260 ## - PUBLICATION, DISTRIBUTION, ETC. (IMPRINT)
Place of publication Long Grove
Name of publisher Wave land Press,inc.
Year of publication 2014
300 ## - PHYSICAL DESCRIPTION
Number of Pages 378
942 ## - ADDED ENTRY ELEMENTS (KOHA)
Koha item type Books
Holdings
Withdrawn status Lost status Damaged status Collection code Home library Current library Shelving location Date acquired Source of acquisition Cost, normal purchase price Full call number Accession Number Koha item type
        KAUAET KAUAET General Stacks 14/07/2016 Arunima Book Distributors,TVPM 3926.73 658 BEI/PR 24834 Books
free website counter